Microsoft windows communication foundation step by step (Record no. 185726)

MARC details
000 -LEADER
fixed length control field 00448nam a2200157Ia 4500
005 - DATE AND TIME OF LATEST TRANSACTION
control field 20250325134309.0
008 - FIXED-LENGTH DATA ELEMENTS--GENERAL INFORMATION
fixed length control field 231217s9999 xx 000 0 und d
020 ## - INTERNATIONAL STANDARD BOOK NUMBER
International Standard Book Number 9788120332072
082 ## - DEWEY DECIMAL CLASSIFICATION NUMBER
Classification number 001.6424WIN SHA;1 R
100 ## - MAIN ENTRY--PERSONAL NAME
Personal name Sharp, John.
245 #0 - TITLE STATEMENT
Title Microsoft windows communication foundation step by step
260 ## - PUBLICATION, DISTRIBUTION, ETC. (IMPRINT)
Date of publication, distribution, etc. 2007
Name of publisher, distributor, etc. PHI
Place of publication, distribution, etc. New Delhi
300 ## - PHYSICAL DESCRIPTION
Extent xxvi, 415
650 ## - SUBJECT ADDED ENTRY--TOPICAL TERM
Topical term or geographic name as entry element Microsoft,windows,communication,step,step
942 ## - ADDED ENTRY ELEMENTS (KOHA)
Koha item type Books
Holdings
Date last seen Total Checkouts Full call number Accession number Old discount Uniform Resource Identifier Cost, replacement price Price effective from Category Lost status Damaged status Department Withdrawn status bill no. bill date Permanent Location Current Location Shelving location Entry date Vendor Cost, normal purchase price Grants Currency symbol Conversion rate Discount Discount type
26/01/2024   001.6424WIN SHA;1 R 59748 25 digital/contents/59748.pdf 262.50 26/01/2024 Books     Central Library   SBH/CRB/000076 03/09/2014 Central Library Central Library Library Annex 18/06/2010 Sapna Book House 350.00 CS RS 1 87.5 Rupees

© For any Suggestions or Query, please contact the library staff @ librarian@pes.edu or Phone: +9180 2672 1983/ 2108.